Logo CIB grande

MARKETING (Registro nro. 221920)

Detalles MARC
000 -LEADER
campo de control de longitud fija 00956nam a2200289Ia 4500
005 - FECHA Y HORA DE LA ÚLTIMA TRANSACCIÓN
campo de control 20250425162058.0
008 - DATOS DE LONGITUD FIJA--INFORMACIÓN GENERAL
campo de control de longitud fija 250425s9999 xx 000 0 und d
020 ## - NÚMERO INTERNACIONAL ESTÁNDAR DEL LIBRO
Número Internacional Estándar del Libro 9702601010
041 ## - CÓDIGO DE IDIOMA
Código de lengua del texto/banda sonora o título independiente spa
043 ## - CÓDIGO DE ÁREA GEOGRÁFICA
Código de área geográfica mx
082 ## - NÚMERO DE LA CLASIFICACIÓN DECIMAL DEWEY
Número de clasificación 658.8
010 ## - NÚMERO DE CONTROL DE LA BIBLIOTECA DEL CONGRESO
Número de control de LC 48155
100 ## - ENTRADA PRINCIPAL--NOMBRE DE PERSONA
Nombre de persona KOTLER, PHILIP.
245 #0 - MENCIÓN DEL TÍTULO
Título MARKETING
250 ## - MENCION DE EDICION
Mención de edición 8A ED.
260 ## - PUBLICACIÓN, DISTRIBUCIÓN, ETC.
Lugar de publicación, distribución, etc. MEXICO
260 ## - PUBLICACIÓN, DISTRIBUCIÓN, ETC.
Lugar de publicación, distribución, etc. México
Nombre del editor, distribuidor, etc. PEARSON EDUCACION
Fecha de publicación, distribución, etc. 2001
300 ## - DESCRIPCIÓN FÍSICA
Extensión 691
500 ## - NOTA GENERAL
Nota general Título Traducido: PRINCIPES OF MARKETING
520 ## - RESUMEN, ETC.
Sumario, etc. PRESENTA UNA INTRODUCCION EXHAUSTIVA, INOVADORA, GERENCIAL Y PRATICA EN EL CAMPO DE MARKETING. CONTIENE: PARTE I : ENTENDER EL MARKETING Y EL PROCESO DE MARKETING: PLANEACION ESTRATEGICA Y EL PROCESO DE MARKETING. EL ENTORNO DE MARKETING GLOBAL. PAR
650 ## - PUNTO DE ACCESO ADICIONAL DE MATERIA--TÉRMINO DE MATERIA
Término de materia o nombre geográfico como elemento de entrada CONSUMIDORES
650 ## - PUNTO DE ACCESO ADICIONAL DE MATERIA--TÉRMINO DE MATERIA
Término de materia o nombre geográfico como elemento de entrada ESTRATEGIAS DE MARKETING
650 ## - PUNTO DE ACCESO ADICIONAL DE MATERIA--TÉRMINO DE MATERIA
Término de materia o nombre geográfico como elemento de entrada MARKETING
650 ## - PUNTO DE ACCESO ADICIONAL DE MATERIA--TÉRMINO DE MATERIA
Término de materia o nombre geográfico como elemento de entrada PLANEACION ESTRATEGICA
700 ## - ENTRADA AGREGADA--NOMBRE PERSONAL
Nombre de persona ROBERTO LUIS ESCALONA GARCIA
Término indicativo de función/relación traductor
942 ## - ELEMENTOS DE ENTRADA SECUNDARIOS (KOHA)
Tipo de ítem Koha Libros
Existencias
Estatus retirado Estado de pérdida Estado de daño No para préstamo Biblioteca de origen Biblioteca actual Ubicación en estantería Fecha de adquisición Coste, precio normal de compra Total de préstamos Código de barras Copia número Nota pública Tipo de ítem Koha
        CENTRO DE INFORMACIÓN BIBLIOTECARIA CENTRO DE INFORMACIÓN BIBLIOTECARIA   22/03/2004 26.00   D-32161 5   Libros
        CENTRO DE INFORMACIÓN BIBLIOTECARIA CENTRO DE INFORMACIÓN BIBLIOTECARIA   27/08/2004 26.00   D-32162 6   Libros
        CENTRO DE INFORMACIÓN BIBLIOTECARIA CENTRO DE INFORMACIÓN BIBLIOTECARIA   19/08/2004 28.00   D-27996 1   Libros
        CENTRO DE INFORMACIÓN BIBLIOTECARIA CENTRO DE INFORMACIÓN BIBLIOTECARIA   01/10/2004 28.00   D-27997 2   Libros
        CENTRO DE INFORMACIÓN BIBLIOTECARIA CENTRO DE INFORMACIÓN BIBLIOTECARIA   14/07/2004 28.00   D-31816 4   Libros
        ESCUELA DE NEGOCIOS ESCUELA DE NEGOCIOS   25/08/2003 10.00   D-P 07052 11 DONADO  
        ESCUELA DE NEGOCIOS ESCUELA DE NEGOCIOS   28/06/2009 10.00   D-P 10059 12 DONADO  
        ESCUELA DE NEGOCIOS ESCUELA DE NEGOCIOS   13/01/2005 35.00   CP-12158 7 COMPRA  
        ESCUELA DE NEGOCIOS ESCUELA DE NEGOCIOS   13/01/2005 35.00   CP-12159 8 COMPRA  
        ESCUELA DE NEGOCIOS ESCUELA DE NEGOCIOS   13/01/2005 35.00   CP-12160 9 COMPRA  
        ESCUELA DE NEGOCIOS ESCUELA DE NEGOCIOS   13/01/2005 35.00   CP-12161 10 COMPRA  

Copyright 2025 ESPOL. Todos los derechos reservados.